| 000 | 01055cam a2200349 4500 | ||
|---|---|---|---|
| 001 | M1501 | ||
| 008 | 090401t1994 xxu||||| |||| 00| 0 eng d | ||
| 035 | _a(Sirsi) u32415 | ||
| 041 | _aeng | ||
| 050 | _a333.332 | ||
| 090 | _aRICS 1994/45ABCDE | ||
| 110 |
_aRoyal Institution of Chartered Surveyors _94900 |
||
| 245 | _aConsultation draft of statements of valuation and appraisal practice and guidance notes. | ||
| 260 |
_aLondon _bRICS _c1994 |
||
| 300 | _aca.300p. ; 30cm. | ||
| 350 | _a5 | ||
| 520 | _aProduced by the Valuation Integration Group chaired by George Grover. | ||
| 650 | _aASSET VALUATION | ||
| 650 | _aGROVER COMMITTEE | ||
| 650 | _aGUIDANCE NOTES | ||
| 650 | _aMALLINSON REPORT | ||
| 650 | _aRED AND WHITE BOOK | ||
| 650 | _aRICS APPRAISAL AND VALUATION MANUAL | ||
| 650 | _aRICS | ||
| 650 | _aSTATEMENTS OF VALUATION PRACTICE | ||
| 650 | _aVALUATION INTEGRATION GROUP | ||
| 650 | _aWHITE BOOK | ||
| 690 | _aRATING AND VALUATION | ||
| 700 |
_aGrover, George _xChairman |
||
| 942 | _n0 | ||
| 948 | _c04/03/1997 | ||
| 999 |
_c89737 _d89737 |
||